NBA Defensive Players of the Year - Sudden Death - Statistics

General Stats
  • This quiz has been taken 328 times
  • The average score is 4 of 6
Answers on the Grid
Answers color-coded by a green-red scale on the quiz's grid according to % correct below.
Shaquille O'Neal
Victor Wembanyama
Dikembe Mutombo
LeBron James
Nikola Jokić
Rudy Gobert
Michael Jordan
Kareem Abdul-Jabbar
Ben Wallace
Jayson Tatum
Joakim Noah
Bobby Jones
Sidney Moncrief
Shane Battier
Dwyane Wade
 
Answer Stats
Answer % Correct
Dikembe Mutombo
87%
Rudy Gobert
81%
Michael Jordan
78%
Ben Wallace
77%
Joakim Noah
66%
Sidney Moncrief
48%
No matching quizzes found
Score Distribution
Percent of People with Each Score
Percentile by Number Answered
Your Score History
You have not taken this quiz